[Event "16th Asian Games Rapid Women"]
[Site "Guangzhou CHN"]
[Date "2010.11.15"]
[Round "6"]
[White "Paridar, Shadi"]
[Black "Shamima, Akter Liza"]
[Result "1-0"]
[WhiteTitle "WGM"]
[BlackTitle "WFM"]
[WhiteElo "2253"]
[BlackElo "2161"]
[WhiteFideId "12500666"]
[BlackFideId "10202587"]
[EventDate "2010.11.13"]

1. e4 c5 2. c3 e5 3. Nf3 Nc6 4. Bc4 g6 5. d4 cxd4 6. cxd4 exd4 7. Nxd4 Bg7 8.
Nb5 Ne5 9. Nd4 Nc6 10. Nb5 Ne5 11. Nd6+ Kf8 12. Bb3 Nh6 13. O-O Rb8 14. Qd5 Qe7
15. Bxh6 Bxh6 16. f4 Ng4 17. Nxf7 Ne5 18. Nd6 Ng4 19. Nf7 Qh4 20. Qd6+ Qe7 21.
Qd5 Qh4 22. Qd6+ Ke8 23. h3 Rf8 24. Nxh6 1-0

[Event "16th Asian Games Rapid Women"]
[Site "Guangzhou CHN"]
[Date "2010.11.15"]
[Round "6"]
[White "Hallaeva, Bahar"]
[Black "Mir Mahmoud, Afamia"]
[Result "1-0"]
[WhiteTitle "WFM"]
[WhiteElo "2184"]
[BlackElo "2010"]
[WhiteFideId "14000679"]
[BlackFideId "7600674"]
[EventDate "2010.11.13"]

1. e4 d6 2. d4 g6 3. Nc3 Bg7 4. Nf3 Bf8 5. Ng1 Bg7 6. Nf3 Nf6 7. Bc4 c6 8. Bb3
O-O 9. O-O b5 10. a3 a6 11. Be3 Qc7 12. Qe2 Nbd7 13. Rad1 Bb7 14. Bf4 e5 15.
dxe5 dxe5 16. Bg5 h6 17. Be3 Ng4 18. Bc1 Nc5 19. Ba2 Rad8 20. Nh4 Bc8 21. Nxg6
Rfe8 22. Nh4 Qe7 23. Nf3 Ne6 24. h3 Nf6 25. Nxe5 Nd4 26. Rxd4 Rxd4 27. Bxf7+ Kh7
28. Bg6+ Kh8 29. Nxc6 Qc5 30. Nxd4 Qxd4 31. Rd1 Qe5 32. Bxe8 1-0

[Event "16th Asian Games Rapid Women"]
[Site "Guangzhou CHN"]
[Date "2010.11.15"]
[Round "6"]
[White "Sultana, Sharmin Shirin"]
[Black "Al-Zarouni, Kholoud Essa"]
[Result "1-0"]
[BlackTitle "WFM"]
[WhiteElo "1998"]
[BlackElo "1864"]
[WhiteFideId "10204482"]
[BlackFideId "9301194"]
[EventDate "2010.11.13"]

1. d4 d5 2. c4 e6 3. Nc3 c6 4. e3 f5 5. Nf3 Bd6 6. Qc2 Nf6 7. Bd3 Ne4 8. Nd2 O-O
9. O-O Nd7 10. c5 Bc7 11. b4 Ndf6 12. f4 Bd7 13. a4 Be8 14. Nf3 Bh5 15. Bd2 Bxf3
16. Rxf3 Kh8 17. Raf1 Rg8 18. Bxe4 Nxe4 19. Nxe4 fxe4 20. Rh3 g5 21. Rh5 gxf4
22. exf4 Qe8 23. Qd1 Qf7 24. f5 Qg7 25. Qc2 Qf7 26. Qd1 Qg7 27. Qe2 Qxd4+ 28.
Be3 Qxb4 29. Rxh7+ Kxh7 30. Qh5+ Kg7 31. Qg6+ Kf8 32. fxe6+ Ke7 33. Qf7+ 1-0

[Event "16th Asian Games Rapid Women"]
[Site "Guangzhou CHN"]
[Date "2010.11.15"]
[Round "6"]
[White "Uchida, Narumi"]
[Black "Bakri, Alia Anin Azwa"]
[Result "1/2-1/2"]
[WhiteTitle "WFM"]
[BlackTitle "WFM"]
[WhiteElo "1834"]
[BlackElo "1953"]
[WhiteFideId "7000677"]
[BlackFideId "5702712"]
[EventDate "2010.11.13"]

1. e4 e6 2. d4 d5 3. Nc3 Nf6 4. Bg5 Be7 5. e5 Nfd7 6. Bxe7 Qxe7 7. f4 O-O 8. Nf3
f6 9. exf6 Qxf6 10. g3 c5 11. Be2 cxd4 12. Qxd4 Nc6 13. Qxf6 Nxf6 14. O-O-O Ng4
15. Rhe1 Nf6 16. Bb5 Nd8 17. Ne5 a6 18. Bf1 Nd7 19. Bh3 Nxe5 20. Rxe5 b5 21. Ne2
Nc6 22. Bxe6+ Bxe6 23. Rxe6 Rfe8 24. Rxc6 Rxe2 25. Rxd5 Rxh2 26. Rcd6 Rg2 27.
Rd3 h6 28. b4 Rc8 29. Rd8+ Rxd8 30. Rxd8+ Kf7 31. Rd3 Ke6 32. Kb2 Kf5 33. Rd6
Rxg3 34. Rxa6 Kxf4 35. a4 bxa4 36. b5 a3+ 37. Rxa3 Rxa3 38. Kxa3 Ke5 39. c4 Kd6
40. Kb4 g5 41. c5+ Kc7 42. Kc4 g4 43. Kd3 g3 44. Ke3 h5 45. Kf3 h4 46. Kg2 Kb7 1/2-1/2

[Event "16th Asian Games Rapid Women"]
[Site "Guangzhou CHN"]
[Date "2010.11.15"]
[Round "6"]
[White "Khamboo, Monalisa"]
[Black "Byun, Sungwon"]
[Result "0-1"]
[BlackTitle "WCM"]
[WhiteElo "1877"]
[BlackElo "1612"]
[WhiteFideId "12300080"]
[BlackFideId "13200852"]
[EventDate "2010.11.13"]

1. d4 d5 2. c4 c6 3. Nc3 Nf6 4. Bf4 e6 5. e3 Be7 6. Nf3 Nbd7 7. Bd3 dxc4 8. Bxc4
b5 9. Bd3 Bb7 10. O-O a6 11. Re1 O-O 12. Qc2 h6 13. e4 Nb6 14. Rad1 Rc8 15. e5
Nfd5 16. Bc1 Nb4 17. Qe2 Nxd3 18. Rxd3 Qc7 19. a3 c5 20. dxc5 Bxc5 21. b4 Be7
22. Ne4 Rfd8 23. Rxd8+ Rxd8 24. Rd1 Rxd1+ 25. Qxd1 Bxe4 26. Bf4 Bxf3 27. gxf3
Nc4 28. Qd3 Nxe5 29. Qe4 Bd6 30. Bxe5 Bxe5 31. Qa8+ Kh7 32. Qxa6 Qc1+ 33. Kg2
Qg5+ 34. Kf1 Bxh2 35. a4 bxa4 36. Qxa4 Qc1+ 37. Kg2 Qg1+ 38. Kh3 Bf4 39. Qc2+ f5 0-1

[Event "16th Asian Games Rapid Women"]
[Site "Guangzhou CHN"]
[Date "2010.11.15"]
[Round "7"]
[White "Pham, Le Thao Nguyen"]
[Black "Harika, Dronavalli"]
[Result "1/2-1/2"]
[WhiteTitle "WIM"]
[BlackTitle "IM"]
[WhiteElo "2337"]
[BlackElo "2525"]
[WhiteFideId "12401226"]
[BlackFideId "5015197"]
[EventDate "2010.11.13"]

1. d4 g6 2. Bf4 Bg7 3. e3 d6 4. Nf3 Nd7 5. c3 e6 6. Nbd2 Ne7 7. h3 O-O 8. Be2 b6
9. O-O Bb7 10. Bh2 Re8 11. Re1 h6 12. Qc2 Nc6 13. Rad1 Qe7 14. b4 a6 15. a4 e5
16. b5 axb5 17. axb5 Na5 18. Nb3 c5 19. bxc6 Bxc6 20. Ra1 Rec8 21. Rad1 Re8 22.
Ra1 Rec8 23. Qb2 Bd5 24. Nfd2 Nxb3 25. Nxb3 Qd8 26. Bg3 Qc7 27. Rac1 Qb7 28. Bf1
Ra4 29. Ra1 Rxa1 30. Rxa1 Qc6 31. Rc1 Bc4 32. Bxc4 Qxc4 33. Nd2 Qd3 34. Nf3 Qc4
35. Nd2 Qe2 36. Rc2 exd4 37. exd4 Bxd4 38. Nf3 Qd1+ 39. Kh2 Bg7 40. Rd2 Qa4 41.
Rxd6 Rxc3 42. Qd2 Nf8 43. Rxb6 Qa1 1/2-1/2

[Event "16th Asian Games Rapid Women"]
[Site "Guangzhou CHN"]
[Date "2010.11.15"]
[Round "7"]
[White "Zhao, Xue"]
[Black "Sukandar, Irine Kharisma"]
[Result "1-0"]
[WhiteTitle "GM"]
[BlackTitle "WGM"]
[WhiteElo "2474"]
[BlackElo "2382"]
[WhiteFideId "8601283"]
[BlackFideId "7101937"]
[EventDate "2010.11.13"]

1. d4 Nf6 2. c4 e6 3. Nf3 b6 4. Nc3 Bb4 5. Qb3 Qe7 6. a3 Bxc3+ 7. Qxc3 Bb7 8. e3
O-O 9. Be2 d6 10. O-O Nbd7 11. b4 c5 12. Bb2 Rfc8 13. dxc5 bxc5 14. b5 d5 15. a4
Nb6 16. a5 Nxc4 17. a6 Nd6 18. axb7 Qxb7 19. Ra5 c4 20. Qb4 Nfe4 21. Be5 Nf5 22.
Nd2 Nc5 23. Qa3 Qb6 24. Bg4 Nd3 25. Nf3 Nxe3 26. Bd4 Nc2 27. Bxb6 Nxa3 28. Be3
Nc2 29. Bxa7 Ncb4 30. Nd4 Ne5 31. Rb1 Nxg4 32. Rxb4 e5 33. Nc6 c3 34. Ra1 c2 35.
Ne7+ Kf8 36. Nxc8 d4 37. Rc4 d3 38. b6 1-0

[Event "16th Asian Games Rapid Women"]
[Site "Guangzhou CHN"]
[Date "2010.11.15"]
[Round "7"]
[White "Tania, Sachdev"]
[Black "Enkhtuul, Altanulzii"]
[Result "1-0"]
[WhiteTitle "IM"]
[BlackTitle "WCM"]
[WhiteElo "2385"]
[BlackElo "2121"]
[WhiteFideId "5007844"]
[BlackFideId "4901444"]
[EventDate "2010.11.13"]

1. d4 Nf6 2. c4 c5 3. d5 b5 4. cxb5 a6 5. b6 d6 6. Nc3 g6 7. Nf3 Bg7 8. h3 O-O
9. e4 Nfd7 10. Be2 Nxb6 11. O-O a5 12. a4 Na6 13. Bg5 Nb4 14. Re1 Ba6 15. Bxa6
Rxa6 16. Qd2 Nc4 17. Qe2 Ne5 18. Nxe5 Bxe5 19. Qd1 Bg7 20. Qe2 Be5 21. Nb5 Qd7
22. Rad1 Bg7 23. b3 Rc8 24. f4 Bd4+ 25. Kh1 Raa8 26. Rf1 e6 27. Nxd4 cxd4 28.
Rxd4 exd5 29. exd5 Re8 30. Qb2 Rac8 31. Qe2 Ra8 32. Qb2 Rac8 33. Rd2 Qf5 34.
Rfd1 Re3 35. Bf6 Rce8 36. Bh8 f6 37. Qxf6 Qxf6 38. Bxf6 Rf8 39. Bg5 Rxb3 40. Be7
Rf7 41. Bxd6 Rd7 42. Be5 Ra3 43. d6 Rxa4 44. Rc1 Kf7 45. Rc7 Ke6 46. Rc8 Nd5 47.
Re8+ Kf7 48. Rh8 Ke6 49. Re2 Rf7 50. Re8+ Kd7 51. Ra8 Ra3 52. Ra7+ Ke6 53. Bd4+
Ne3 54. Rxf7 Kxf7 55. Rxe3 Rb3 56. Rxb3 1-0

[Event "16th Asian Games Rapid Women"]
[Site "Guangzhou CHN"]
[Date "2010.11.15"]
[Round "7"]
[White "Hoang, Thi Bao Tram"]
[Black "Pourkashiyan, Atousa"]
[Result "1-0"]
[WhiteTitle "WGM"]
[BlackTitle "WGM"]
[WhiteElo "2271"]
[BlackElo "2367"]
[WhiteFideId "12401102"]
[BlackFideId "12502014"]
[EventDate "2010.11.13"]

1. d4 Nf6 2. Nf3 e6 3. c3 b6 4. Bf4 Bb7 5. Nbd2 c5 6. e3 Be7 7. h3 O-O 8. Bd3 d5
9. O-O Nbd7 10. Qb1 h6 11. Bh2 a5 12. a4 Ba6 13. Re1 Bxd3 14. Qxd3 Rc8 15. Rad1
Re8 16. Qb5 Bf8 17. Ne5 Nxe5 18. dxe5 Nd7 19. c4 Qe7 20. Nf3 d4 21. exd4 cxd4
22. Rxd4 Nc5 23. Bf4 Qb7 24. Red1 Qc6 25. Be3 Nxa4 26. Qb3 Bc5 27. Rg4 Kh8 28.
Nd4 Bxd4 29. Rgxd4 Kg8 30. Rg4 Kh8 31. Rgd4 Nc5 32. Qc2 Qc7 33. Rd6 Kg8 34. R1d4
Red8 35. Qd1 Rxd6 36. exd6 Qd8 37. Qh5 Qf6 38. Rg4 Kh7 39. Bd4 e5 40. Bxe5 1-0

[Event "16th Asian Games Rapid Women"]
[Site "Guangzhou CHN"]
[Date "2010.11.15"]
[Round "7"]
[White "Dauletova, Gulmira"]
[Black "Tuvshintugs, Batchimeg"]
[Result "0-1"]
[WhiteTitle "WIM"]
[BlackTitle "WGM"]
[WhiteElo "2263"]
[BlackElo "2327"]
[WhiteFideId "13702971"]
[BlackFideId "4900839"]
[EventDate "2010.11.13"]

1. e4 e5 2. Nf3 Nc6 3. Bb5 a6 4. Ba4 Nf6 5. O-O Be7 6. Re1 b5 7. Bb3 d6 8. c3
O-O 9. h3 Nb8 10. d4 Nbd7 11. Nbd2 Bb7 12. Bc2 c5 13. b3 Re8 14. d5 g6 15. a4
Nh5 16. c4 Qb6 17. a5 Qd8 18. Nf1 b4 19. Ng3 Ng7 20. Nh2 Nf6 21. Rf1 Bc8 22. Be3
Ra7 23. Ra2 Nfh5 24. Ng4 Bg5 25. Nxh5 Nxh5 26. Qd2 Bxe3 27. Qxe3 Nf4 28. Bd1 Qg5
29. Qg3 Kh8 30. Ne3 Qd8 31. Bg4 f5 32. Bf3 Rg7 33. Qh2 Rf8 34. Kh1 Qf6 35. g3
fxe4 36. Bxe4 Nxh3 37. f3 Ng5 38. Kg2 Bh3+ 39. Qxh3 Nxh3 40. Kxh3 Qg5 41. Ng4 h5
42. Nf2 Qe3 43. Rb2 Rxf3 44. Bxf3 Qxf3 45. Kh2 Rf7 46. Re1 h4 47. gxh4 Rf4 48.
Kg1 Rxh4 49. Ree2 g5 50. Red2 g4 51. Rd3 Qf4 52. Kg2 Qh2+ 53. Kf1 g3 54. Ke2 g2 0-1

[Event "16th Asian Games Rapid Women"]
[Site "Guangzhou CHN"]
[Date "2010.11.15"]
[Round "7"]
[White "Hallaeva, Bahar"]
[Black "Muminova, Nafisa"]
[Result "0-1"]
[WhiteTitle "WFM"]
[BlackTitle "WIM"]
[WhiteElo "2184"]
[BlackElo "2360"]
[WhiteFideId "14000679"]
[BlackFideId "14201526"]
[EventDate "2010.11.13"]

1. e4 e6 2. d4 d5 3. exd5 exd5 4. Bd3 Bd6 5. Qf3 Be6 6. Ne2 Nc6 7. c3 Qd7 8. h3
Nge7 9. Bf4 O-O-O 10. Bxd6 Qxd6 11. Nd2 Ng6 12. O-O Kb8 13. b4 Nce7 14. a4 Nh4
15. Qf4 Qxf4 16. Nxf4 Bc8 17. Rfe1 Be6 18. Rf1 Bc8 19. Rfe1 Neg6 20. Nh5 Rhg8
21. Kh2 Bf5 22. Bf1 Bd7 23. g4 Nh8 24. Bd3 N4g6 25. f4 f5 26. gxf5 Nh4 27. Re5
Nf7 28. Re7 Nd6 29. Nxg7 Bxf5 30. Bxf5 Ndxf5 31. Nxf5 Nxf5 32. Re5 Nh4 33. Rg1
Ng6 34. Reg5 Rge8 35. f5 Nf4 36. Nf3 Re3 37. Rg8 Kc8 38. Rxd8+ Kxd8 39. Rg8+ Ke7
40. f6+ Kf7 41. Rg3 Kxf6 42. Ne5 Rxg3 43. Nf3 Kf7 44. Ne5+ Kf6 45. Kxg3 Ne2+ 46.
Kg4 Nxc3 47. Nd7+ Ke7 48. Nc5 b6 49. Na6 Kd6 50. a5 Ne2 51. Kh5 Nxd4 52. Kh6 Nc2
53. Kxh7 d4 0-1

[Event "16th Asian Games Rapid Women"]
[Site "Guangzhou CHN"]
[Date "2010.11.15"]
[Round "7"]
[White "Geldyeva, Mekhri"]
[Black "Paridar, Shadi"]
[Result "1/2-1/2"]
[WhiteTitle "WGM"]
[BlackTitle "WGM"]
[WhiteElo "2279"]
[BlackElo "2253"]
[WhiteFideId "14000059"]
[BlackFideId "12500666"]
[EventDate "2010.11.13"]

1. d4 Nf6 2. e3 e6 3. Bd3 c5 4. c3 b6 5. Qe2 Bb7 6. f4 d6 7. Nf3 Be7 8. O-O Ne4
9. Qc2 f5 10. Nbd2 d5 11. Ne5 O-O 12. Rf3 Qc8 13. Rh3 Nd7 14. Qd1 Ndf6 15. Ndf3
Ba6 16. Nd2 Bxd3 17. Nxd3 Ng4 18. Nxe4 dxe4 19. Ne5 Nxe5 20. fxe5 Qe8 21. Bd2
cxd4 22. exd4 f4 23. Qb3 Qg6 24. Rf1 e3 25. Be1 Rad8 26. Rhf3 Bg5 27. Qd1 Qe4
28. Qe2 Bh6 29. h4 Rf5 30. Qc4 Qd5 31. Qxd5 Rxd5 32. g4 fxg3 33. Rxf5 exf5 34.
Rxf5 e2 35. Kg2 Bc1 36. b3 g6 37. Rf3 b5 38. Rd3 Bf4 39. Rf3 Bxe5 40. dxe5 Rd1
41. Bxg3 e1=Q 42. Bxe1 Rxe1 43. Rd3 Rd1 44. Rf3 Re1 45. Rd3 Rxe5 46. Rd8+ Kf7
47. Rd7+ Re7 48. Rxe7+ Kxe7 49. Kf3 Kd6 50. Kf4 h6 51. Ke4 Kc5 52. Ke5 a5 53. a3
a4 54. bxa4 bxa4 55. Kf6 g5 56. hxg5 hxg5 57. Kxg5 Kc4 58. Kf4 Kxc3 59. Ke3 Kb3
60. Kd2 Kxa3 61. Kc1 Ka2 62. Kc2 Ka1 63. Kc1 a3 64. Kc2 1/2-1/2

[Event "16th Asian Games Rapid Women"]
[Site "Guangzhou CHN"]
[Date "2010.11.15"]
[Round "7"]
[White "Sultana, Sharmin Shirin"]
[Black "Nakhbayeva, Guliskhan"]
[Result "0-1"]
[BlackTitle "WIM"]
[WhiteElo "1998"]
[BlackElo "2209"]
[WhiteFideId "10204482"]
[BlackFideId "13704788"]
[EventDate "2010.11.13"]

1. d4 d5 2. c4 c6 3. Nc3 Nf6 4. e3 Bf5 5. Nf3 e6 6. Nh4 Be4 7. f3 Bg6 8. Nxg6
hxg6 9. Bd3 Qc7 10. Bf1 Qd8 11. Bd3 Qc7 12. f4 Nbd7 13. Bd2 Nb8 14. Bc1 Nbd7 15.
Bd2 a6 16. Qe2 Be7 17. Rc1 dxc4 18. Bxc4 c5 19. O-O O-O 20. a4 Rac8 21. d5 e5
22. e4 exf4 23. Rxf4 Bd6 24. Rh4 Ne5 25. Nd1 Rfe8 26. Rc3 Kf8 27. Rch3 Ke7 28.
Nf2 Rcd8 29. Rb3 Rh8 30. Rxh8 Rxh8 31. h3 Kf8 32. a5 Nfd7 33. Ng4 Nxg4 34. Qxg4
Rh5 35. Qd1 Re5 36. Re3 Nf6 37. Qe2 Re8 38. Bd3 Be5 39. Bc3 Bf4 40. Rf3 Nxd5 41.
Bc4 Nf6 42. Bxf6 gxf6 43. g3 Be5 44. Bd5 Qxa5 45. Bxb7 Rb8 46. Rb3 Qa4 47. Qc2
Rxb7 48. Qxc5+ Kg7 49. Rxb7 Bd4+ 50. Kg2 Bxc5 0-1

[Event "16th Asian Games Rapid Women"]
[Site "Guangzhou CHN"]
[Date "2010.11.15"]
[Round "7"]
[White "Nur, Nabila Azman Hisham"]
[Black "Nodirjanova, Nodira"]
[Result "1-0"]
[WhiteTitle "WCM"]
[WhiteElo "1845"]
[BlackElo "2149"]
[WhiteFideId "5702135"]
[BlackFideId "14201232"]
[EventDate "2010.11.13"]

1. d4 d5 2. c4 dxc4 3. e3 Nf6 4. Bxc4 e6 5. Nc3 c5 6. Nf3 a6 7. O-O cxd4 8. exd4
Be7 9. d5 b5 10. Bb3 b4 11. Ba4+ Kf8 12. Ne2 Nxd5 13. Nf4 Bb7 14. Nd4 Nxf4 15.
Bxf4 Qd5 16. Nf3 Qf5 17. Qc1 Qa5 18. b3 Qc5 19. Qxc5 Bxc5 20. Rac1 Be7 21. Ra1
Bc5 22. Rac1 Be7 23. Rc7 Ra7 24. Rcc1 Ra8 25. Rc7 Ra7 26. Rfc1 g5 27. Be3 Ra8
28. Rxb7 Bd6 29. Bd4 Nd7 30. Rxd7 Bf4 31. Rc6 Rg8 32. Bc5+ Kg7 33. Rxe6 Rgc8 34.
Be3 Kg8 35. Bc5 Kg7 36. Be3 Kg8 37. Ree7 Bxe3 38. fxe3 Rc1+ 39. Kf2 Rac8 40.
Rxf7 R8c2+ 41. Kg3 Re2 42. Rg7+ Kf8 43. Rdf7# 1-0

[Event "16th Asian Games Rapid Women"]
[Site "Guangzhou CHN"]
[Date "2010.11.15"]
[Round "7"]
[White "Shamima, Akter Liza"]
[Black "Ibrahim, Delbak Ismael"]
[Result "1-0"]
[WhiteTitle "WFM"]
[BlackTitle "WIM"]
[WhiteElo "2161"]
[BlackElo "1929"]
[WhiteFideId "10202587"]
[BlackFideId "4803116"]
[EventDate "2010.11.13"]

1. d4 Nf6 2. c4 g6 3. Nc3 Bg7 4. e4 d6 5. Be2 O-O 6. Bg5 h6 7. Be3 e5 8. d5 a5
9. g4 Nh7 10. h4 Nd7 11. Qd2 Nb8 12. Qd1 Nd7 13. Qd2 Nb8 14. Qd1 Nd7 15. Qd2
Ndf6 16. Qd1 Nd7 17. Qd2 Ndf6 18. Qd1 Nd7 19. Qd2 Ndf6 20. Qd1 Nd7 21. Qd2 Ndf6
22. Qd1 Nd7 23. Qd2 Ndf6 24. Qd1 Nd7 25. Qd2 Ndf6 26. Qd1 Nd7 27. Qd2 Ndf6 28.
Qd1 Nd7 29. Qd2 Ndf6 30. Qd1 Nd7 31. Qd2 Ndf6 32. Qd1 Nd7 33. Qd2 Ndf6 34. f3 h5
35. g5 Nd7 36. Nh3 b6 37. Nf2 Ndf6 38. Nh3 Nd7 39. Nf2 Ndf6 40. Nh3 Nd7 41. Nf2
Ndf6 42. Nh3 Nd7 43. Nf2 Nc5 44. Nh3 Nd7 45. Nf2 Nc5 46. Nh3 Nd7 47. Nf2 Nc5 48.
Nd3 Nd7 49. Nf2 Nc5 50. Nd3 Re8 51. Nf2 Rf8 52. Nd3 Re8 53. Nxc5 bxc5 54. Bd3
Nf8 55. Ne2 Nd7 56. Ng3 Nf8 57. Rf1 Qd7 58. Rh1 Qa4 59. Kf2 Qb4 60. a4 Nd7 61.
Qc2 Nb8 62. Bd2 Qb6 63. Bc3 Na6 64. Qd2 Nb4 65. Be2 Bd7 66. Kg2 Qb8 67. b3 Qc8
68. Rab1 Rb8 69. Ba1 Qd8 70. Qc3 Qe7 71. f4 Qf8 72. f5 gxf5 73. exf5 e4 74. f6
Bh8 75. Nxh5 Nd3 76. Bxd3 exd3 77. Qxd3 Rbd8 78. Rbe1 Rxe1 79. Rxe1 Re8 80. Re3
Rxe3 81. Qxe3 Qe8 82. Qxe8+ Bxe8 83. Bc3 1-0

[Event "16th Asian Games Rapid Women"]
[Site "Guangzhou CHN"]
[Date "2010.11.15"]
[Round "7"]
[White "Mir Mahmoud, Afamia"]
[Black "Al-Khelaifi, Salama"]
[Result "1-0"]
[BlackTitle "WFM"]
[WhiteElo "2010"]
[BlackElo "1761"]
[WhiteFideId "7600674"]
[BlackFideId "12100048"]
[EventDate "2010.11.13"]

1. d4 d5 2. Nf3 Nf6 3. c4 e6 4. Nc3 c6 5. cxd5 exd5 6. Qc2 Bd6 7. Bg5 Nbd7 8. e3
O-O 9. Bd3 Re8 10. O-O Nf8 11. Rae1 Bg4 12. Nd2 Bh5 13. Nf3 Bg4 14. Nd2 Bh5 15.
f4 Be7 16. h3 h6 17. Bh4 Qd7 18. Bf5 Qd6 19. Bd3 Qd7 20. Nf3 Bxf3 21. Rxf3 Ne4
22. Bxe7 Qxe7 23. Bxe4 dxe4 24. Rff1 f5 25. Rd1 Red8 26. Rf2 Rac8 27. Rfd2 Nd7
28. Qb3+ Kh7 29. Qxb7 g5 30. d5 c5 31. d6 Qg7 32. Qd5 Qf6 33. Rf2 Nb6 34. Qe5
Qf7 35. fxg5 Nc4 36. Qd5 Qxd5 37. Nxd5 Nxd6 38. g6+ Kg7 39. Ne7 Rb8 40. Nc6 Nc4
41. Rxd8 Rxd8 42. Nxd8 Nxe3 43. Ne6+ Kxg6 44. Nxc5 Kg7 45. Ne6+ Kg6 46. Nc5 Nc4
47. Rc2 Ne5 48. Kf2 Kg5 49. Ne6+ Kf6 50. Nf4 Kg5 51. Ke3 h5 52. Rc7 a5 53. b3 h4
54. Rg7+ Kf6 55. Rh7 Kg5 56. Rh5+ Kf6 57. Rxh4 Nc6 58. Rh6+ Ke5 59. Rxc6 a4 60.
Re6# 1-0

[Event "16th Asian Games Rapid Women"]
[Site "Guangzhou CHN"]
[Date "2010.11.15"]
[Round "7"]
[White "Al-Zarouni, Kholoud Essa"]
[Black "Uchida, Narumi"]
[Result "1-0"]
[WhiteTitle "WFM"]
[BlackTitle "WFM"]
[WhiteElo "1864"]
[BlackElo "1834"]
[WhiteFideId "9301194"]
[BlackFideId "7000677"]
[EventDate "2010.11.13"]

1. e4 e5 2. Nf3 Nc6 3. Bc4 Bc5 4. c3 Nf6 5. d3 d6 6. Bb3 a6 7. h3 Ba7 8. Nbd2
Be6 9. Nb1 Bc8 10. Nbd2 Be6 11. Bc2 O-O 12. Nf1 h6 13. g4 Nd7 14. Ng3 d5 15. Qe2
dxe4 16. dxe4 Ne7 17. g5 g6 18. gxh6 f6 19. Nh4 Kf7 20. Bb3 Bxb3 21. axb3 Nc5
22. Be3 Qd6 23. Rd1 Qe6 24. b4 Na4 25. Bxa7 Rxa7 26. Rd2 Raa8 27. Qd1 Nb6 28. b3
Nc6 29. Qg4 Ne7 30. Ngf5 Rae8 31. Nxe7 Qxg4 32. hxg4 Rxe7 33. Nf3 g5 34. Rd3 Rh8
35. Nd2 Ke6 36. Nf1 Reh7 37. Rdh3 Nc8 38. Ne3 Ne7 39. Ke2 Ng6 40. R3h2 Nh4 41.
Nf5 Nxf5 42. exf5+ Kd5 43. c4+ Kd4 44. Rd1+ Kc3 45. Rh3+ Kxb4 46. Rdh1 c6 47.
Kd2 b5 48. cxb5 axb5 49. Kc2 c5 50. Kb2 c4 51. bxc4 Kxc4 52. Rc1+ Kd5 53. Rch1
Ke4 54. f3+ Kf4 55. Re1 e4 56. Rxe4# 1-0

[Event "16th Asian Games Rapid Women"]
[Site "Guangzhou CHN"]
[Date "2010.11.15"]
[Round "7"]
[White "Mohammed Qane, Jannar Worya"]
[Black "Boshra, Alshaeby"]
[Result "1/2-1/2"]
[WhiteTitle "WFM"]
[WhiteElo "1901"]
[BlackElo "1807"]
[WhiteFideId "4802144"]
[BlackFideId "8102937"]
[EventDate "2010.11.13"]

1. d4 Nf6 2. c4 c5 3. d5 d6 4. Nc3 g6 5. e4 Bg7 6. Nf3 O-O 7. Be2 e6 8. O-O Re8
9. Bf4 exd5 10. exd5 Ne4 11. Nxe4 Rxe4 12. Bc1 Bg4 13. Bd3 Rd4 14. Re1 Nd7 15.
Re4 Bxf3 16. gxf3 Rxe4 17. fxe4 Ne5 18. Bf4 Nxd3 19. Qxd3 Bxb2 20. Rb1 Qf6 21.
Bxd6 Bd4 22. Bg3 b6 23. Kg2 h5 24. Qf3 Qg5 25. Qf4 Qe7 26. f3 Kg7 27. Re1 f6 28.
Qc7 Kf7 29. Qxe7+ Kxe7 30. e5 fxe5 31. Bxe5 Bxe5 32. Rxe5+ Kf7 33. a4 a6 34. Re6
b5 35. axb5 axb5 36. cxb5 Rd8 37. b6 Rxd5 38. b7 Rd8 39. Rc6 Rb8 40. Rc7+ Ke6
41. Rxc5 Rxb7 42. Rc6+ Kf5 43. Rc5+ Kf4 44. Rc4+ Kf5 45. Rc5+ Kf4 46. Rc4+ Kf5 1/2-1/2

[Event "16th Asian Games Rapid Women"]
[Site "Guangzhou CHN"]
[Date "2010.11.15"]
[Round "7"]
[White "Byun, Sungwon"]
[Black "Kim, Hyoyoung"]
[Result "1/2-1/2"]
[WhiteTitle "WCM"]
[WhiteElo "1612"]
[BlackElo "1355"]
[WhiteFideId "13200852"]
[BlackFideId "13200585"]
[EventDate "2010.11.13"]

1. e4 e5 2. Nf3 Nc6 3. Bb5 a6 4. Ba4 Nf6 5. O-O b5 6. Bb3 Be7 7. Re1 O-O 8. c3
d6 9. d4 Bb7 10. Nbd2 Re8 11. Nf1 Na5 12. Bc2 c5 13. d5 Rc8 14. Ng3 Qc7 15. Nf5 1/2-1/2

[Event "16th Asian Games Rapid Women"]
[Site "Guangzhou CHN"]
[Date "2010.11.16"]
[Round "8"]
[White "Hou, Yifan"]
[Black "Hoang, Thi Bao Tram"]
[Result "1-0"]
[WhiteTitle "GM"]
[BlackTitle "WGM"]
[WhiteElo "2591"]
[BlackElo "2271"]
[WhiteFideId "8602980"]
[BlackFideId "12401102"]
[EventDate "2010.11.13"]

1. e4 e5 2. Nf3 Nf6 3. Nxe5 d6 4. Nf3 Nxe4 5. Nc3 Nf6 6. d4 Be7 7. h3 O-O 8. Bd3
Re8 9. O-O Nc6 10. a3 a6 11. Re1 d5 12. Ne2 Bf8 13. Ng3 Rxe1+ 14. Qxe1 Be6 15.
c3 h6 16. Ne5 Na5 17. Bc2 Qd6 18. Qe2 Re8 19. Qd3 c5 20. Nh5 Ne4 21. Bf4 c4 22.
Nxc4 Qd8 23. Nxa5 Bf5 24. Nxb7 Qb6 25. Nc5 Bg6 26. Qd1 Nxc5 27. dxc5 Qxb2 28.
Bxg6 fxg6 29. Ng3 Bxc5 30. Qxd5+ Kh7 31. Rf1 Qxa3 32. Ne4 Bf8 33. Nf6+ gxf6 34.
Qf7+ Bg7 35. Qxe8 Qxc3 36. Qe3 Qb4 37. Qd2 Qb7 38. Rc1 Qe4 39. Qe3 Qf5 40. Rc7
g5 41. Bg3 Qg6 42. Bd6 Kg8 43. Qe6+ Kh8 44. Rc8+ 1-0

[Event "16th Asian Games Rapid Women"]
[Site "Guangzhou CHN"]
[Date "2010.11.16"]
[Round "8"]
[White "Zhao, Xue"]
[Black "Pham, Le Thao Nguyen"]
[Result "1-0"]
[WhiteTitle "GM"]
[BlackTitle "WIM"]
[WhiteElo "2474"]
[BlackElo "2337"]
[WhiteFideId "8601283"]
[BlackFideId "12401226"]
[EventDate "2010.11.13"]

1. d4 d5 2. c4 c6 3. Nc3 dxc4 4. e3 b5 5. a4 b4 6. Ne4 Qd5 7. Ng3 e5 8. Nf3 exd4
9. e4 Qa5 10. Bxc4 Ba6 11. Qxd4 Bxc4 12. Qxc4 Qa6 13. Ne5 Qxc4 14. Nxc4 Na6 15.
Be3 Nf6 16. Ke2 Nc5 17. f3 g6 18. Na5 Rc8 19. Bd4 Ncd7 20. Rac1 c5 21. Rhd1 Bh6
22. Be3 Bf8 23. Bd4 Bh6 24. Be3 Bxe3 25. Kxe3 O-O 26. Rd6 Kg7 27. b3 Nb6 28. Ne2
Rc7 29. Rc6 Rfc8 30. Rxc7 Rxc7 31. Nf4 Nfd7 32. Nd3 Rc8 33. Nb2 f5 34. Nac4 fxe4
35. fxe4 Re8 36. Nxb6 axb6 37. Nc4 Re6 38. Rd1 Nf6 39. e5 Ng4+ 40. Kf4 h5 41.
Rd7+ Kg8 42. h3 Nh6 43. Nd6 Nf5 44. Nxf5 gxf5 45. Kxf5 Rc6 46. Rb7 c4 47. bxc4
b3 48. Rd7 b2 49. Rd1 Rxc4 50. Rb1 Rb4 51. g4 hxg4 52. hxg4 Kf7 53. g5 Kg7 54.
g6 Rb3 55. e6 Rf3+ 56. Ke5 Rf2 57. e7 Re2+ 58. Kd6 Kxg6 59. Rxb2 1-0